000 01028nam a22002297a 4500
003 OSt
005 20250924192228.0
008 240830b ||||| |||| 00| 0 eng d
040 _c0
082 _aDPer 647.94068 In821 January-December 2019 v. 20 n. 1-4
100 _aRedditt, Jennifer.
_eauthor.
_959607
245 _aAn examination of organizational commitment and intention to stay in the timeshare industry :
_bvariations across generations in the workplace /
_cJennifer Redditt, Amy M. Gregory, and Heejung Ro.
260 _aUnited Kingdom ;
_bTaylor & Francis Group ,
_cApril-June 2019.
300 _aVolume 20, pages 206-225 :
_billustration ;
_c25 cm.
500 _aInternational Journal of Hospitality & Tourism Administration, vol. 20, no. 2, pages 206-225, April-June 2019.
650 0 _aGenerational differences.
_964766
650 0 _aOrganizational commitment.
_964768
700 _aRedditt, Jennifer.
_eauthor.
_959607
700 _aGregory, Amy M.
_959608
700 _aRo, Heejung.
_959609
942 _2ddc
_cPER
999 _c21120
_d21120